000 00443nam a2200181Ia 4500
005 20250603145932.0
008 250603s9999 xx 000 0 und d
020 _a9781788122553
050 _aRA 644 .C67 .S68/
100 _aEdited by Pieter Fourie and Guy Lamb
245 4 _aThe South African response to COVID-19
260 _aLondon
260 _bRoutledge
260 _c2023
300 _a224 p
650 _aLondon
942 _cBK
999 _c43290
_d43290